Statistics for Transformers Movie Characters-Autobots, by colour

Click here to take the quiz!

General Stats

  • This quiz has been taken 173 times
  • The average score is 19 of 28

Answer Stats

ColourAutobot% Correct
YellowBumblebee
100%
Red and BlueOptimus Prime
98%
BlackIronhide
96%
SilverJazz
95%
Yellow/GreenRatchet
91%
SilverSideswipe
89%
PinkArcee
85%
GreenSkids
79%
OrangeMudflap
77%
RedMirage (Dino)
76%
GreenHound
73%
BlueDrift
69%
GreenCrosshairs
67%
BlueJolt
66%
BlueWheeljack (Que)
65%
BlueChromia
60%
GreyJetfire
60%
RedLeadfoot
59%
BlueWheelie
59%
GreyGrimlock
58%
BlueBrains
53%
PurpleElita One
52%
BlueTopspin
52%
GreenRoadbuster
50%
GreySlug
47%
GreyScorn
41%
GreyStrafe
40%
RedSentinel Prime
39%

Score Distribution

Percentile by Number Answered

Percent of People with Each Score

Your Score History

You have not taken this quiz